00464nam a2200193 a 4500001001300000003000900013005001700022008004100039020001000080082001500090100002100105245000800126260004100134300000800175500003500183505001000218650002100228700002100249nice12345678IN_TiNIC20260116011300.0050524s1951 lona grp 000 0 eng  ac10000a241.3bQUE aQuell, Gottfried aSin aLondonbAdam and Charles Blackc1951 a96p aincludes index and biblioraphy2 aIndex aSin-Christianity1 aQuell, Gottfried